भारतीय राजव्यवस्था/ (Record no. 215412)

MARC details
000 -LEADER
fixed length control field 00647nam a22001697a 4500
005 - DATE AND TIME OF LATEST TRANSACTION
control field 20260309114359.0
010 ## - LCCN (DPL NO)
LC control number BACHN26
020 ## - INTERNATIONAL STANDARD BOOK NUMBER
International Standard Book Number 9789347035081
Terms of availability 225.00
037 ## - SOURCE OF ACQUISITION
Source of stock number/acquisition ओपन बुकम हाउस
082 ## - DEWEY DECIMAL CLASSIFICATION NUMBER
Edition number 1
Classification number 954
100 ## - MAIN ENTRY--PERSONAL NAME
Personal name बाजपेयी, रानी
245 ## - TITLE STATEMENT
Title भारतीय राजव्यवस्था/
Statement of responsibility, etc रानी बाजपेयी
250 ## - EDITION STATEMENT
Edition statement 1
260 ## - PUBLICATION, DISTRIBUTION, ETC. (IMPRINT)
Place of publication, distribution, etc नई दिल्ली
Name of publisher, distributor, etc ओपन बुकम हाउस
Date of publication, distribution, etc 2026
300 ## - PHYSICAL DESCRIPTION
Extent विस्पृतृत पृ.
Dimensions 28सेमी (आजिल्द)
942 ## - ADDED ENTRY ELEMENTS (KOHA)
Source of classification or shelving scheme Dewey Decimal Classification
Item type Hindi Books
Classification part 954
Call number suffix बाजपे

No items available.


© Delhi Public Library
Hit Counter
free hit counter